00198 a2200085 4500001000700000040003500007100002100042240002700063245002200090146491 cEscola São Tomás de Aquino aBELINKY, Tatiana10aOnde já se viu?lpor10aOnde já se viu?